| 000 | 00649nam a2200169 a 4500 | ||
|---|---|---|---|
| 001 | 000005090 | ||
| 005 | 20200929151557.0 | ||
| 008 | 090729s2002 dr 000 0 spa d | ||
| 040 |
_aDO-SdBNP _bspa _cBNPHU |
||
| 082 |
_axxx _bC556i |
||
| 110 | 1 |
_aRepública Dominicana. Escuela Diplomática y Consular. Secretaría de Estado de Relaciones Exteriores _914612 |
|
| 245 | 1 | 3 |
_aLa integración de la Unión Europea / _cMarie-France Christophe Tchakaloff. |
| 260 |
_aSanto Domingo, : _bSecretaría de Estado de Relaciones Exteriores, _c2002. |
||
| 300 |
_a48 p. ; _c22 cm. |
||
| 490 | 1 |
_acursos especializados _v7 |
|
| 830 | 0 |
_acursos especializados _n7 _914613 |
|
| 999 |
_c4893 _d4893 |
||